000 00855nam a2200289Ia 4500
001 67710
003 IT-RoPAU
008 130308s9999 xx 000 0 und d
040 _aIT-RoPAU
040 _cIT-RoPAU
041 _aITALIANO
100 _aSalvaneschi Carlo
100 _gCodice Aut. SPICS: 23556
245 _aCtu educazione permanente e riqualificazione del tessuto produttivo
245 _bRuolo dei centri Audiovisivi Universitari nella Didattica e nella Educazione Permanente
250 _a1a ed.
260 _aMILANO
260 _bGiunta Regionale Lombarda
260 _c1981 [1° Ed.:1981 - Ed.Ling.Originale:1980]
300 _a"9 p. (prefazione: no ; testo: 9 [pagine: 202-210])"
650 _aSAGGI DI PEDAGOGIA
650 _eCodice materia Spics: 3557
942 _cBK
957 _71
999 _c42161
_d42161
999 _bSI
999 _g1